Beatriz Milhazes (Record no. 1494)
[ view plain ]
| 000 -LEADER | |
|---|---|
| campo de control de longitud fija | 00712nam a2200157 4500 |
| 008 - DATOS DE LONGITUD FIJA--INFORMACIÓN GENERAL | |
| campo de control de longitud fija | 709.81 H548b |
| 020 ## - NÚMERO INTERNACIONAL ESTÁNDAR DEL LIBRO | |
| Número Internacional Estándar del Libro | 8589365204 |
| 082 ## - NÚMERO DE LA CLASIFICACIÓN DECIMAL DEWEY | |
| Número de clasificación | 709.81 |
| Número de ítem | H548b |
| 100 ## - ENTRADA PRINCIPAL--NOMBRE DE PERSONA | |
| Nombre de persona | Henkerhoff, Paulo |
| 9 (RLIN) | 6395 |
| 245 ## - MENCIÓN DEL TÍTULO | |
| Título | Beatriz Milhazes |
| 260 ## - PUBLICACIÓN, DISTRIBUCIÓN, ETC. | |
| Lugar de publicación, distribución, etc. | Brasil |
| Nombre del editor, distribuidor, etc. | Barléu Edições |
| Fecha de publicación, distribución, etc. | 2007 |
| 300 ## - DESCRIPCIÓN FÍSICA | |
| Extensión | 264 p. |
| Otras características físicas | ill (col) |
| Dimensiones | 2705 x 26.5 cm |
| 505 ## - NOTA DE CONTENIDO CON FORMATO | |
| Título | Beatriz Milhazes: Color and volupté |
| -- | Introduction |
| -- | The 1980´s |
| -- | Hidden Body |
| -- | History of the circle |
| -- | Color |
| -- | Bodies, the body |
| -- | Landscape |
| -- | Music |
| -- | Space-time |
| -- | Beyond canvas |
| -- | Homo faber |
| -- | Chronology |
| -- | Bibliography |
| 600 ## - PUNTO DE ACCESO ADICIONAL DE MATERIA--NOMBRE DE PERSONA | |
| Subdivisión general | arte contemporáneo |
| -- | Brasil |
| -- | arte - pintura |
| -- | arte - crítica e interpretación |
| -- | pintura - Brasil |
| -- | Milhazes, Beatriz |
| 9 (RLIN) | 6396 |
| 700 ## - ENTRADA AGREGADA--NOMBRE PERSONAL | |
| Nombre de persona | Leal, Carlos (editor) |
| 9 (RLIN) | 6397 |
| Estatus retirado | Estado de pérdida | Fuente del sistema de clasificación o colocación | Estado de daño | No para préstamo | Biblioteca de origen | Biblioteca actual | Ubicación en estantería | Fecha de adquisición | Total de préstamos | Signatura topográfica completa | Código de barras | Visto por última vez | Precio de reemplazo | Tipo de ítem Koha |
|---|---|---|---|---|---|---|---|---|---|---|---|---|---|---|
| Clasificación Decimal Dewey | Biblioteca LadoV | Biblioteca LadoV | 14/06/2018 | 709.81 H548b | 001069 | 14/06/2018 | 14/06/2018 | Material 01 |
